| 000 | 00787nam0a22002651 4500 | ||
|---|---|---|---|
| 001 | RU\NLR\A1SV\154219 | ||
| 005 | 20251203171251.9 | ||
| 035 | _a(NLR Aleph) 012158834 | ||
| 090 |
_a12180219 _c12180219 |
||
| 100 | _a20191206d1924 u y0rusy50 ca | ||
| 101 | 0 | _arus | |
| 102 | _aRU | ||
| 200 | 1 |
_aСтенной календарь весны Пермского края _fСост. П.В.Сюзев |
|
| 205 | _a3-е изд. | ||
| 210 |
_aПермь _c2-я тип. "Пермполиграф" _d1924 |
||
| 215 |
_a1 л. табл. _d45х36 см |
||
| 620 | _dПермь | ||
| 700 | 1 |
_aСюзев _bП.В. _f1867-1928 _gПавел Васильевич |
|
| 801 | 0 |
_aRU _bNLR _c20191206 |
|
| 899 | _aРГБ | ||
| 899 | _aРГБ | ||
| 942 | _cBOOK | ||
| 980 | _aNB | ||
| 980 | _aA1SV | ||